Palaces of Potsdam - Statistics

General Stats
  • This quiz has been taken 13 times
  • The average score is 5 of 9
Answer Stats
Hint Answer % Correct
Park Sanssouci Neues Palais/New Palace
91%
Park Sanssouci Schloss Sanssouci/Sanssouci Palace
82%
Park Babelsberg Schloss Babelsberg/Babelsberg Palace
73%
Park Sanssouci Orangerieschloss/Orangery Palace
64%
Park Sanssouci Schloss Charlottenhof/Charlottenhof Palace
45%
Neuer Garten/New Garden Marmorpalais/Marble Palace
36%
Neuer Garten/New Garden Schloss Cecilienhof/Cecilienhof Palace
36%
Park Sanssouci Neue Kammern/New Chambers
18%
Outside Park Sanssouci Schloss Lindstedt/Lindstedt Palace
18%
No matching quizzes found
Score Distribution
Percent of People with Each Score
Percentile by Number Answered
Your Score History
You have not taken this quiz